000 00848nam a22002537a 4500
005 20180209152421.0
010 _aB-593653
020 _a9788131233993
_c1545.00
037 _aRP/Patel Nagar
_bPansy
082 0 0 _a616.07
100 _aRobbins, Stanley L.
245 0 0 _aRobbins basic pathology
_cedited by Vinay Kumar, Abul K. Abbas, and Jon C. Aster.
246 1 _aBasic pathology
250 _a9th ed.
260 _aNew Delhi
_bElsevier
_c2013.
300 _a910p.
_bcol. ill.
_c28cm. (Hb)
504 _aIncludes bibliographical references and index.
650 1 2 _aPathology.
700 1 _aVinay Kumar
_d1944-
700 1 _aAbbas, Abul K.
700 1 _aAster, Jon C.
942 _2ddc
_cEN
_h616.07
_mROB
999 _c89273
_d89273